[Event "SR 1. liga zapad 2014/2015"]
[Site "?"]
[Date "2015.01.31"]
[Round "7.2"]
[White "Maslik, Miroslav"]
[Black "Vojtek, Vladimir"]
[Result "1-0"]
[WhiteElo "2365"]
[BlackElo "2336"]
[PlyCount "31"]
[EventDate "2014.??.??"]

1. d4 d5 2. c4 e6 3. Nc3 Bb4 4. Qc2 Nf6 5. cxd5 exd5 6. Bg5 O-O 7. e3 c5 8. Nf3
Bg4 9. Ne5 Bh5 10. Bd3 Bg6 11. O-O cxd4 12. exd4 Bxd3 13. Qxd3 Bxc3 14. bxc3
Qd6 15. Bxf6 gxf6 16. Qg3+ 1-0

[Event "SR 1. liga zapad 2014/2015"]
[Site "?"]
[Date "2015.01.31"]
[Round "7.2"]
[White "Veres, Andrej"]
[Black "Jostic, Peter"]
[Result "1-0"]
[WhiteElo "2179"]
[BlackElo "2075"]
[PlyCount "125"]
[EventDate "2014.??.??"]

1. d4 Nf6 2. Nf3 c5 3. e3 d5 4. c4 cxd4 5. exd4 Nc6 6. Nc3 Bg4 7. cxd5 Nxd5 8.
Qb3 Bxf3 9. gxf3 e6 10. Qxb7 Nxd4 11. Bb5+ Nxb5 12. Qc6+ Ke7 13. Qxb5 Qd7 14.
Nxd5+ Qxd5 15. Bg5+ f6 16. Qxd5 exd5 17. Be3 Ke6 18. O-O-O Rc8+ 19. Kb1 Bc5 20.
Rhe1 Bxe3 21. Rxe3+ Kd6 22. Ra3 Rhe8 23. Rxa7 Re2 24. Rxg7 Rcc2 25. Rb7 h5 26.
a4 Rc4 27. a5 Ra4 28. Rb5 d4 29. b3 Raa2 30. Rxd4+ Kc6 31. Rb6+ Kc5 32. Rc4+
Kd5 33. Rb5+ Kd6 34. Rbc5 Reb2+ 35. Kc1 Rxf2 36. Rc2 Rf1+ 37. Kd2 Rf2+ 38. Kd3
Rxf3+ 39. Ke4 Rxc2 40. Rxc2 Rxb3 41. Ra2 Ke6 42. a6 Rb4+ 43. Kf3 Rb3+ 44. Kg2
Rb8 45. a7 Ra8 46. h4 Kd6 47. Kf3 Kc6 48. Kf4 Kb7 49. Kf5 Kc7 50. Kxf6 Kc6 51.
Kf7 Kb7 52. Kg7 Kc7 53. Kg6 Kb7 54. Kxh5 Rh8+ 55. Kg6 Ka8 56. h5 Rg8+ 57. Kf7
Rg1 58. Ra5 Rf1+ 59. Kg6 Rg1+ 60. Rg5 Ra1 61. h6 Ra6+ 62. Kh5 Ra1 63. h7 1-0

[Event "SR 1. liga zapad 2014/2015"]
[Site "?"]
[Date "2015.01.31"]
[Round "7.2"]
[White "Pytlik, Pavol"]
[Black "Borik, Juraj"]
[Result "1/2-1/2"]
[WhiteElo "2027"]
[BlackElo "2188"]
[PlyCount "84"]
[EventDate "2014.??.??"]

1. e4 c5 2. Nc3 a6 3. g3 b5 4. Bg2 b4 5. Nd5 e6 6. Ne3 Nc6 7. Ne2 Be7 8. d4
cxd4 9. Nxd4 Bb7 10. O-O Bf6 11. Nb3 Nh6 12. Nc4 O-O 13. Nd6 Ra7 14. Be3 Ba8
15. Bxa7 Nxa7 16. Qd3 Bxb2 17. Rad1 Nc6 18. Qxa6 Qg5 19. Qe2 Ng4 20. f4 Qg6 21.
Bf3 h5 22. Nc4 Bc3 23. Nb6 e5 24. Nxd7 Re8 25. f5 Qh6 26. Bxg4 hxg4 27. f6 Nd4
28. Nxd4 Bxd4+ 29. Rxd4 exd4 30. fxg7 Rxe4 31. Qf2 Re7 32. Nf6+ Kxg7 33. Nxg4
Qd6 34. h3 Kf8 35. Kh2 d3 36. cxd3 Qxd3 37. Ne5 Qa6 38. Re1 Bd5 39. Re2 Ke8 40.
Qe1 f6 41. Nd3 Qxa2 42. Rxa2 Rxe1 1/2-1/2

[Event "SR 1. liga zapad 2014/2015"]
[Site "?"]
[Date "2015.01.31"]
[Round "7.2"]
[White "Podoba, Milan"]
[Black "Blazek, Milos"]
[Result "0-1"]
[WhiteElo "2131"]
[BlackElo "2035"]
[PlyCount "50"]
[EventDate "2014.??.??"]

1. e4 e5 2. Nf3 Nc6 3. Bc4 Nf6 4. Ng5 Bc5 5. Nxf7 Bxf2+ 6. Kf1 Qe7 7. Nxh8 d5
8. exd5 Nd4 9. d6 cxd6 10. Kxf2 Bg4 11. Qf1 O-O-O 12. Nf7 Rf8 13. Nc3 d5 14.
Kg1 Rxf7 15. d3 Ne4 16. Qe1 Nxc3 17. h3 Nce2+ 18. Kh2 Nxc2 19. Qd1 e4 20. Bf4
Rxf4 21. Qxc2 Rf2 22. Bxd5+ Kb8 23. Rhf1 Qd6+ 24. Kh1 Ng3+ 25. Kg1 Rxc2 {4} 0-1

[Event "SR 1. liga zapad 2014/2015"]
[Site "?"]
[Date "2015.01.31"]
[Round "7.2"]
[White "Halak, Matej"]
[Black "Bombek, Peter"]
[Result "0-1"]
[WhiteElo "1929"]
[BlackElo "2156"]
[PlyCount "42"]
[EventDate "2014.??.??"]

1. d4 e6 2. c4 d5 3. Nc3 Be7 4. Nf3 Nf6 5. Bf4 O-O 6. e3 c5 7. cxd5 Nxd5 8.
Nxd5 exd5 9. dxc5 Bxc5 10. Be2 Qa5+ 11. Nd2 d4 12. e4 Rd8 13. O-O d3 14. Bf3
Be6 15. a3 Qb6 16. b4 Bd4 17. Rc1 Nc6 18. Qa4 a6 19. Nc4 Bxc4 20. Rxc4 Qb5 21.
Qb3 Na5 0-1

[Event "SR 1. liga zapad 2014/2015"]
[Site "?"]
[Date "2015.01.31"]
[Round "7.2"]
[White "Pupak, Tomas"]
[Black "Masarik, Drahoslav"]
[Result "1-0"]
[WhiteElo "2022"]
[BlackElo "2022"]
[PlyCount "53"]
[EventDate "2014.??.??"]

1. Nf3 Nf6 2. c4 c5 3. Nc3 d5 4. cxd5 Nxd5 5. g3 Nc6 6. Bg2 Nc7 7. O-O e5 8. d3
Be7 9. Be3 O-O 10. Rc1 Rb8 11. a3 Bd7 12. Nd2 Nd4 13. f4 Nf5 14. Bf2 exf4 15.
gxf4 Be6 16. Nf3 Nd4 17. Nxd4 cxd4 18. Ne4 Qd7 19. Nc5 Bxc5 20. Rxc5 Rfc8 21.
Qd2 b6 22. Re5 Bf5 23. Qb4 f6 24. Re7 a5 25. Qc4+ Be6 26. Rxd7 Bxc4 27. dxc4
1-0

[Event "SR 1. liga zapad 2014/2015"]
[Site "?"]
[Date "2015.01.31"]
[Round "7.2"]
[White "Sopko, Rudolf"]
[Black "Prasek, Ivan"]
[Result "1-0"]
[WhiteElo "1839"]
[BlackElo "2042"]
[PlyCount "81"]
[EventDate "2014.??.??"]

1. e4 e5 2. Bc4 Nf6 3. d3 c6 4. c3 d5 5. exd5 cxd5 6. Bb3 Nc6 7. Bg5 Bc5 8. h3
Be6 9. Nd2 Qd7 10. Qe2 O-O-O 11. Ngf3 Rde8 12. O-O-O Nh5 13. g4 Nf4 14. Qf1 f6
15. Bxf4 exf4 16. d4 Be7 17. Bc2 g5 18. Ne1 Kb8 19. Nd3 h5 20. f3 Rh6 21. Nb3
b6 22. Nf2 Bd6 23. Re1 h4 24. Bd3 Re7 25. a4 Rh8 26. Bb5 Qc7 27. Qd3 Rg8 28.
Re2 Bd7 29. Rhe1 Re3 30. Rxe3 fxe3 31. Nd1 Bg3 32. Re2 Re8 33. Nxe3 Nb4 34. Qg6
Bf4 35. Bxd7 Rxe3 36. Rxe3 Bxe3+ 37. Kb1 Qxd7 38. cxb4 Qxa4 39. Qg8+ Kc7 40.
Qf7+ Kb8 41. Qf8+ 1-0

[Event "SR 1. liga zapad 2014/2015"]
[Site "?"]
[Date "2015.01.31"]
[Round "7.2"]
[White "Orgon, Dusan"]
[Black "Balaj, Rudolf"]
[Result "1-0"]
[WhiteElo "2066"]
[BlackElo "1000"]
[PlyCount "39"]
[EventDate "2014.??.??"]

1. d4 d5 2. Bg5 Nc6 3. e3 f6 4. Bh4 Bd7 5. c4 e6 6. cxd5 exd5 7. Qh5+ g6 8.
Qxd5 Nge7 9. Qb3 Bg7 10. Nf3 Bf5 11. Nc3 Qd7 12. Bb5 O-O-O 13. O-O Be6 14. Qa4
Kb8 15. Rac1 g5 16. Bg3 h5 17. h4 gxh4 18. Nxh4 Bh6 19. Bxc6 Nxc6 20. Nb5 1-0

[Event "SR 1. liga zapad 2014/2015"]
[Site "?"]
[Date "2015.01.31"]
[Round "7.3"]
[White "Zetocha, Claudiu"]
[Black "Lanc, Alois"]
[Result "1-0"]
[WhiteElo "2307"]
[BlackElo "2344"]
[PlyCount "61"]
[EventDate "2014.??.??"]

1. Nf3 d6 2. d4 Nf6 3. c4 g6 4. Nc3 Bg7 5. Bg5 Nbd7 6. e3 O-O 7. Be2 c5 8. O-O
cxd4 9. exd4 b6 10. Re1 h6 11. Bh4 a6 12. d5 Bb7 13. Nd4 Rc8 14. Rc1 Re8 15. a4
Qc7 16. f4 e5 17. dxe6 fxe6 18. Bf1 e5 19. fxe5 dxe5 20. Nc2 Nc5 21. Ne3 g5 22.
Bf2 Nce4 23. Ned5 Bxd5 24. Nxd5 Qc6 25. Bxb6 Rb8 26. Be3 Rxb2 27. Qf3 Nxd5 28.
cxd5 Qxa4 29. Rc7 Rf8 30. Qg4 Nf6 31. Qxa4 1-0

[Event "SR 1. liga zapad 2014/2015"]
[Site "?"]
[Date "2015.01.31"]
[Round "7.3"]
[White "Vass, Frantisek"]
[Black "Petran, Peter"]
[Result "0-1"]
[WhiteElo "2280"]
[BlackElo "2330"]
[PlyCount "78"]
[EventDate "2014.??.??"]

1. d4 g6 2. c4 Bg7 3. Nc3 d6 4. e4 Nc6 5. Be3 e5 6. d5 Nce7 7. g4 Nf6 8. Be2 h5
9. g5 Nd7 10. Nf3 a5 11. Nd2 Nc5 12. Nb3 Nxb3 13. Qxb3 b6 14. O-O-O Bd7 15. Kb1
O-O 16. Qc2 a4 17. f3 Qb8 18. Rhf1 Rd8 19. f4 exf4 20. Rxf4 c5 21. dxc6 Bxc6
22. Nd5 Nxd5 23. exd5 Be8 24. Bd4 Bxd4 25. Rdxd4 Rc8 26. Qd2 a3 27. b3 Qc7 28.
Rf6 Ra7 29. Qf4 Qc5 30. Rxd6 Re7 31. Rd2 Qg1+ 32. Bd1 Bd7 33. Qd4 Bf5+ 34. Kc1
Qxg5 35. h4 Qg3 36. Rxb6 Re4 37. Qd3 Rexc4+ 38. Qxc4 Rxc4+ 39. bxc4 Qc3+ 0-1

[Event "SR 1. liga zapad 2014/2015"]
[Site "?"]
[Date "2015.01.31"]
[Round "7.3"]
[White "Havlicek, Libor"]
[Black "Banas, Jan"]
[Result "1/2-1/2"]
[WhiteElo "2278"]
[BlackElo "2273"]
[PlyCount "28"]
[EventDate "2014.??.??"]

1. Nf3 c5 2. c4 Nf6 3. g3 b6 4. Bg2 Bb7 5. O-O g6 6. b3 Bg7 7. Bb2 O-O 8. Na3
d6 9. d4 cxd4 10. Bxd4 Nbd7 11. Rc1 a6 12. Qd2 Qc7 13. Nc2 Ne4 14. Qe3 e5
1/2-1/2

[Event "SR 1. liga zapad 2014/2015"]
[Site "?"]
[Date "2015.01.31"]
[Round "7.3"]
[White "Szitkey, Milan"]
[Black "Ruckschloss, Karol"]
[Result "0-1"]
[WhiteElo "2151"]
[BlackElo "2207"]
[PlyCount "62"]
[EventDate "2014.??.??"]

1. d4 f5 2. e4 fxe4 3. Nc3 Nf6 4. Bg5 c6 5. Bxf6 exf6 6. Nxe4 Qb6 7. Qh5+ g6 8.
Nxf6+ Kd8 9. Qd1 Qxb2 10. Bd3 Qxd4 11. Ne4 Bb4+ 12. Kf1 d5 13. Nf3 Qg7 14. Neg5
h6 15. Nh3 g5 16. Nhg1 Nd7 17. Rb1 Bc5 18. c4 dxc4 19. Bxc4 Kc7 20. Qc2 Rf8 21.
h3 h5 22. Be6 b6 23. Rd1 Qf6 24. Bxd7 Bxd7 25. Ne2 g4 26. hxg4 Bxg4 27. Qh7+
Rf7 28. Qd3 Raf8 29. Nc3 Rd7 30. Qa6 Rxd1+ 31. Nxd1 Bxf3 0-1

[Event "SR 1. liga zapad 2014/2015"]
[Site "?"]
[Date "2015.01.31"]
[Round "7.3"]
[White "Dolnak, Michal"]
[Black "Kavon, Rastislav"]
[Result "1/2-1/2"]
[WhiteElo "2187"]
[BlackElo "2153"]
[PlyCount "73"]
[EventDate "2014.??.??"]

1. d4 Nf6 2. c4 d6 3. Nc3 g6 4. e4 Bg7 5. Nf3 O-O 6. Be2 e5 7. O-O Nc6 8. d5
Ne7 9. b4 Nh5 10. Re1 f5 11. Ng5 Nf6 12. Bf3 h6 13. Ne6 Bxe6 14. dxe6 fxe4 15.
Nxe4 Nxe4 16. Bxe4 c6 17. b5 d5 18. cxd5 cxd5 19. Ba3 dxe4 20. Qxd8 Rfxd8 21.
Bxe7 Re8 22. Bc5 Rxe6 23. Be3 b6 24. Rac1 a6 25. a4 axb5 26. axb5 Bf8 27. h3
Rd8 28. Red1 Rd3 29. Kf1 Red6 30. Rxd3 exd3 31. Rc6 Rd5 32. Ke1 Rxb5 33. Rxg6+
Kf7 34. Rxb6 Rxb6 35. Bxb6 Bb4+ 36. Kd1 e4 37. f3 1/2-1/2

[Event "SR 1. liga zapad 2014/2015"]
[Site "?"]
[Date "2015.01.31"]
[Round "7.3"]
[White "Liptak, Tomas"]
[Black "Kovac, Andrej"]
[Result "1-0"]
[WhiteElo "2168"]
[BlackElo "2165"]
[PlyCount "111"]
[EventDate "2014.??.??"]

1. e4 e6 2. d4 d5 3. e5 c5 4. c3 Nc6 5. Nf3 Qb6 6. a3 Nh6 7. b4 cxd4 8. cxd4
Nf5 9. Bb2 Bd7 10. g4 Nfe7 11. Nc3 h5 12. g5 Nf5 13. Na4 Qd8 14. Nc5 Rb8 15. g6
fxg6 16. Rg1 Bxc5 17. dxc5 O-O 18. Rxg6 Nh4 19. Nxh4 Qxh4 20. Rg2 Rf4 21. Bd3
Nd4 22. Bxd4 Rxd4 23. Qf3 Rf8 24. Qg3 Qxg3 25. Rxg3 h4 26. Re3 Rg4 27. Kf1 a6
28. Rb1 Bc6 29. Ke2 d4 30. Bc4 Bb5 31. Bxb5 dxe3 32. Bd7 Re4 33. Bxe6+ Kh8 34.
fxe3 Rxe5 35. Bg4 a5 36. h3 axb4 37. axb4 Ra8 38. Rb3 Ra2+ 39. Kd3 Rh2 40. Kd4
Re7 41. b5 Rd2+ 42. Rd3 Rc2 43. b6 Re8 44. Rc3 Rxc3 45. Kxc3 Rxe3+ 46. Kd4 Re7
47. Bc8 g5 48. Kc4 Kg7 49. Kb5 Re3 50. Bxb7 Rxh3 51. c6 Rb3+ 52. Ka5 g4 53. c7
Rc3 54. c8=Q Rxc8 55. Bxc8 g3 56. Bh3 1-0

[Event "SR 1. liga zapad 2014/2015"]
[Site "?"]
[Date "2015.01.31"]
[Round "7.3"]
[White "Hacik, Radomir"]
[Black "Puskar, Peter"]
[Result "1-0"]
[WhiteElo "2143"]
[BlackElo "2051"]
[PlyCount "87"]
[EventDate "2014.??.??"]

1. e4 c5 2. Nf3 d6 3. d4 cxd4 4. Nxd4 Nf6 5. Nc3 a6 6. Bg5 Nbd7 7. Qd2 Qc7 8.
f3 e6 9. O-O-O Be7 10. g4 Ne5 11. Kb1 Bd7 12. f4 Nc6 13. Be2 Rd8 14. Bf3 O-O
15. h4 Nxd4 16. Qxd4 Bc6 17. Qe3 b5 18. Bxf6 Bxf6 19. g5 Bxc3 20. Qxc3 Qb7 21.
Rhe1 d5 22. e5 b4 23. Qd4 a5 24. h5 Rc8 25. f5 Ba4 26. b3 Bd7 27. f6 Rc3 28.
fxg7 Rfc8 29. Be2 Bb5 30. Bxb5 Qxb5 31. g6 Rf3 32. gxh7+ Kxh7 33. Rg1 Kg8 34.
h6 Rh3 35. Rh1 Rxh1 36. Rxh1 Kh7 37. Qf2 Qb7 38. Rg1 f5 39. exf6 Qf7 40. c4
dxc4 41. Qc2+ Kxh6 42. Qh2+ Qh5 43. Qxh5+ Kxh5 44. f7 1-0

[Event "SR 1. liga zapad 2014/2015"]
[Site "?"]
[Date "2015.01.31"]
[Round "7.3"]
[White "Bango, Lukas"]
[Black "Kolcak, Marek"]
[Result "1-0"]
[WhiteElo "1917"]
[BlackElo "2121"]
[PlyCount "57"]
[EventDate "2014.??.??"]

1. c4 c5 2. Nf3 Nc6 3. g3 g6 4. Bg2 Bg7 5. Nc3 e5 6. d3 Nge7 7. Rb1 O-O 8. O-O
d6 9. a3 a5 10. Bd2 Be6 11. Ng5 d5 12. Nxe6 fxe6 13. cxd5 exd5 14. Nxd5 Nxd5
15. Qb3 Nce7 16. e4 c4 17. Qxc4 Rc8 18. Qa2 Rc2 19. Bg5 Qb6 20. Be3 Qb5 21.
exd5 Nf5 22. Be4 Nxe3 23. d6+ Kh8 24. fxe3 Qb6 25. d4 Re2 26. Rxf8+ Bxf8 27.
Qf7 Bh6 28. Qe8+ Kg7 29. Qxe5+ 1-0

[Event "SR 1. liga zapad 2014/2015"]
[Site "?"]
[Date "2015.01.31"]
[Round "7.4"]
[White "Schwarz, Dusan"]
[Black "Pagerka, Martin"]
[Result "1-0"]
[WhiteElo "2339"]
[BlackElo "2300"]
[PlyCount "45"]
[EventDate "2014.??.??"]

1. d4 d5 2. c4 e6 3. Nc3 Be7 4. Nf3 Nf6 5. Bg5 O-O 6. Qc2 h6 7. Bxf6 Bxf6 8. e4
dxe4 9. Qxe4 Nc6 10. O-O-O Qe7 11. h4 h5 12. g4 hxg4 13. Bd3 g6 14. h5 Bg5+ 15.
Nxg5 Qxg5+ 16. f4 Qe7 17. hxg6 f5 18. Qg2 Qf6 19. Rh7 Qxg6 20. Rdh1 Nxd4 21.
R7h6 Qg7 22. Qh2 Bd7 23. Qh5 1-0

[Event "SR 1. liga zapad 2014/2015"]
[Site "?"]
[Date "2015.01.31"]
[Round "7.4"]
[White "Gasa, Andrej"]
[Black "Federic, Jozef"]
[Result "1/2-1/2"]
[WhiteElo "2317"]
[BlackElo "2305"]
[PlyCount "235"]
[EventDate "2014.??.??"]

1. e4 c5 2. Nf3 e6 3. d4 cxd4 4. Nxd4 Nf6 5. Nc3 Nc6 6. Ndb5 Bb4 7. a3 Bxc3+ 8.
Nxc3 d5 9. Bd3 d4 10. Ne2 e5 11. h3 h6 12. O-O O-O 13. Bd2 Qb6 14. b4 a6 15.
Ng3 Ne7 16. f4 exf4 17. Rxf4 Ng6 18. Rf2 Bd7 19. Qf1 Qd6 20. Nf5 Bxf5 21. Rxf5
Rfe8 22. Re1 Re6 23. Bc4 Nxe4 24. Bf4 Nxf4 25. Qxf4 Qxf4 26. Rxf4 Ng5 27. Bxe6
Nxe6 28. Rf3 Rc8 29. Rc1 Rc7 30. c4 dxc3 31. Rcxc3 Re7 32. Rfe3 Kh7 33. Rcd3
Rc7 34. Kh2 Kg6 35. Rd6 Kf6 36. Rb6 Ke7 37. a4 Kd7 38. a5 Ke7 39. Rd3 Ke8 40.
Rd2 Ke7 41. Kg1 Nd8 42. Kf2 Nc6 43. Rc2 Kd7 44. Ke1 Na7 45. Rd2+ Ke7 46. Rbd6
Nc6 47. R6d3 Nxb4 48. Re2+ Kf6 49. Rd6+ Kg5 50. h4+ Kh5 51. Re5+ g5 52. hxg5
hxg5 53. Kf2 Rc2+ 54. Re2 Rc4 55. Re7 Rf4+ 56. Kg3 Nc6 57. Rxb7 Nd4 58. Rxd4
Rxd4 59. Rb6 f5 60. Rxa6 Ra4 61. Ra8 Ra3+ 62. Kh2 Kg4 63. a6 Ra1 64. a7 f4 65.
Rb8 Rxa7 66. Rb4 Ra1 67. Rb3 Re1 68. Ra3 Re3 69. Ra4 Kh4 70. Rb4 Ra3 71. Rc4
Ra2 72. Rb4 Rf2 73. Ra4 Kh5 74. Kg1 Rb2 75. Ra3 Kg4 76. Rc3 Rb5 77. Kf2 Rb2+
78. Kg1 Re2 79. Kh2 Kf5 80. Rc5+ Re5 81. Rc8 g4 82. Rf8+ Kg5 83. Rg8+ Kh4 84.
Rh8+ Rh5 85. Ra8 Rc5 86. Rh8+ Kg5 87. Rg8+ Kf5 88. Rf8+ Ke4 89. Re8+ Kd3 90.
Re1 Rc2 91. Kg1 g3 92. Kf1 Rf2+ 93. Kg1 Re2 94. Ra1 Rc2 95. Kf1 Rf2+ 96. Kg1
Rd2 97. Kf1 Ke3 98. Re1+ Kd3 99. Ra1 Ke4 100. Re1+ Kf5 101. Ra1 Ke4 102. Re1+
Kd3 103. Ra1 Kc3 104. Ra4 Kd3 105. Ra1 Rc2 106. Rb1 Kd2 107. Ra1 Rb2 108. Re1
Rb3 109. Ra1 Rd3 110. Ra2+ Ke3 111. Ra1 f3 112. gxf3 Kxf3 113. Kg1 g2 114. Rb1
Kg3 115. Rb3 Rf3 116. Rb1 Rf1+ 117. Rxf1 gxf1=Q+ 118. Kxf1 1/2-1/2

[Event "SR 1. liga zapad 2014/2015"]
[Site "?"]
[Date "2015.01.31"]
[Round "7.4"]
[White "Kleman, Miroslav"]
[Black "Bury, Rastislav"]
[Result "1/2-1/2"]
[WhiteElo "2231"]
[BlackElo "2147"]
[PlyCount "26"]
[EventDate "2014.??.??"]

1. e4 c5 2. b3 Nc6 3. Bb2 e5 4. Bc4 Nf6 5. d3 Be7 6. f4 d6 7. Nf3 exf4 8. Qd2
a6 9. Qxf4 b5 10. Bxf6 Bxf6 11. Bd5 Bb7 12. Nbd2 O-O 13. Rc1 Rb8 1/2-1/2

[Event "SR 1. liga zapad 2014/2015"]
[Site "?"]
[Date "2015.01.31"]
[Round "7.4"]
[White "Jozefek, Michal"]
[Black "Matejovic, Juraj"]
[Result "1-0"]
[WhiteElo "2064"]
[BlackElo "2203"]
[PlyCount "63"]
[EventDate "2014.??.??"]

1. d4 Nf6 2. c4 g6 3. Nc3 Bg7 4. e4 d6 5. Be2 O-O 6. Nf3 e5 7. d5 a5 8. Bg5 h6
9. Bh4 Na6 10. Nd2 Bd7 11. a3 Qe8 12. b3 Nh7 13. f3 Bf6 14. Bf2 c5 15. dxc6
bxc6 16. Na4 Ng5 17. Nf1 d5 18. Nb6 Ne6 19. cxd5 Nf4 20. Ne3 cxd5 21. Nbxd5 Bg7
22. Bc4 Bb5 23. O-O Rd8 24. Qd2 Nc5 25. Rab1 Bxc4 26. Nxc4 Nce6 27. Qxa5 Nxd5
28. exd5 Nf4 29. d6 Qe6 30. Qd2 Qf5 31. Rfc1 Nd3 32. Ne3 1-0

[Event "SR 1. liga zapad 2014/2015"]
[Site "?"]
[Date "2015.01.31"]
[Round "7.4"]
[White "Banas, Kamil"]
[Black "Karas, Marek"]
[Result "1/2-1/2"]
[WhiteElo "2213"]
[BlackElo "2170"]
[PlyCount "60"]
[EventDate "2014.??.??"]

1. e4 e6 2. d4 d5 3. Nc3 Bb4 4. e5 c5 5. a3 Bxc3+ 6. bxc3 Qc7 7. Qg4 f5 8. Qg3
cxd4 9. Ne2 dxc3 10. Nxc3 a6 11. Bd2 Nc6 12. f4 Nh6 13. Bd3 O-O 14. O-O Na5 15.
Ne2 Nc4 16. Bb4 Re8 17. Rfb1 a5 18. Be1 Nxa3 19. Rb3 Nc4 20. h3 Bd7 21. Nd4 a4
22. Rb4 a3 23. Bxc4 dxc4 24. Bf2 a2 25. Qc3 Rec8 26. Rb2 Nf7 27. Rbxa2 Rxa2 28.
Rxa2 Nd8 29. Qb4 Nc6 30. Qxc4 Nxd4 1/2-1/2

[Event "SR 1. liga zapad 2014/2015"]
[Site "?"]
[Date "2015.01.31"]
[Round "7.4"]
[White "Spacek, Oliver"]
[Black "Klemanic, Emil"]
[Result "1/2-1/2"]
[WhiteElo "2011"]
[BlackElo "2160"]
[PlyCount "115"]
[EventDate "2014.??.??"]

1. d4 Nf6 2. Nf3 g6 3. c4 Bg7 4. Nc3 d6 5. e4 O-O 6. h3 Na6 7. Be3 Qe8 8. c5 c6
9. e5 dxe5 10. dxe5 Nd7 11. Bxa6 bxa6 12. Bd4 Rb8 13. Qe2 f6 14. O-O Nxe5 15.
Nxe5 fxe5 16. Bxe5 Bxe5 17. Qxe5 Rxb2 18. Rae1 Rf5 19. Qxe7 Qxe7 20. Rxe7 Rf7
21. Re8+ Rf8 22. Re7 Rc2 23. Ne4 Bf5 24. Nd6 Rxc5 25. Rxa7 Rd5 26. Nxf5 Rfxf5
27. Rxa6 Ra5 28. Rxc6 Rxa2 29. Rc7 Rf7 30. Rxf7 Kxf7 31. Rb1 h6 32. Rb6 Rc2 33.
g3 Ra2 34. Kg2 Rc2 35. h4 Kg7 36. Rb7+ Kf6 37. Rh7 h5 38. Rb7 Ra2 39. Rb4 Rc2
40. Kf3 Ra2 41. Ke3 Rc2 42. f3 Ra2 43. Kf4 Ra1 44. Rb6+ Kg7 45. Re6 Kf7 46. Re4
Kf6 47. Rb4 Rc1 48. Ke3 Re1+ 49. Kf2 Ra1 50. Rf4+ Kg7 51. Kg2 Ra2+ 52. Kh3 Rf2
53. g4 hxg4+ 54. Kxg4 Rg2+ 55. Kh3 Rf2 56. Kg3 Rf1 57. Rg4 Kf6 58. Rb4 1/2-1/2

[Event "SR 1. liga zapad 2014/2015"]
[Site "?"]
[Date "2015.01.31"]
[Round "7.4"]
[White "Dugovic, Branislav"]
[Black "Jablonicky, Martin"]
[Result "0-1"]
[WhiteElo "2207"]
[BlackElo "1949"]
[PlyCount "60"]
[EventDate "2014.??.??"]

1. Nf3 Nf6 2. b3 g6 3. Bb2 Bg7 4. g3 b5 5. Bg2 Bb7 6. O-O O-O 7. c4 b4 8. d4 d6
9. a3 a5 10. axb4 axb4 11. Rxa8 Bxa8 12. Nbd2 Nbd7 13. Qc2 c5 14. d5 e6 15. e4
exd5 16. cxd5 Bb7 17. Nc4 Ba6 18. Nfd2 Nb6 19. Ra1 Bxc4 20. bxc4 Nfd7 21. Bxg7
Kxg7 22. Ra6 Qf6 23. Bh3 Rb8 24. Ra7 Qc3 25. Ra2 Ne5 26. Bf1 Ra8 27. Be2 Rxa2
28. Qxa2 Nbxc4 29. Bxc4 Qxd2 30. Qa1 Qc3 0-1

[Event "SR 1. liga zapad 2014/2015"]
[Site "?"]
[Date "2015.01.31"]
[Round "7.4"]
[White "Jablonicky, Frantisek"]
[Black "Mydlarik, Martin"]
[Result "1-0"]
[WhiteElo "2126"]
[BlackElo "2138"]
[PlyCount "117"]
[EventDate "2014.??.??"]

1. Nf3 Nf6 2. d4 e6 3. c4 b6 4. a3 Be7 5. d5 Ba6 6. Qb3 c5 7. Nc3 exd5 8. cxd5
O-O 9. g3 d6 10. Bg2 Nbd7 11. O-O Re8 12. Re1 Bf8 13. Bf4 b5 14. Nd2 Rb8 15.
Nce4 Qb6 16. Nxf6+ Nxf6 17. h3 g6 18. e4 Nd7 19. a4 Bg7 20. axb5 Bxb5 21. Ra2
Ne5 22. Bxe5 Bxe5 23. Nc4 Qc7 24. Nxe5 Rxe5 25. Qc3 Re7 26. f4 Rbe8 27. b4 cxb4
28. Qxb4 Qb6+ 29. Kh2 Bd3 30. Qxb6 axb6 31. e5 Bc4 32. Ra3 Rd8 33. Rae3 dxe5
34. Rxe5 Red7 35. Re8+ Kg7 36. Rxd8 Rxd8 37. Rd1 Rd6 38. Kg1 Kf6 39. Kf2 Ke7
40. Ke3 Rd7 41. Kd4 Ba6 42. Ra1 Bb7 43. Rb1 Rd6 44. g4 h6 45. h4 Bc8 46. Re1+
Kd7 47. g5 hxg5 48. hxg5 Bb7 49. Rh1 Ke7 50. Ke5 b5 51. Kd4 b4 52. Rb1 Bc8 53.
Rxb4 Ra6 54. Ke5 f6+ 55. gxf6+ Rxf6 56. Be4 Ra6 57. Rb3 Bd7 58. Rb2 Kf7 59. d6
1-0

[Event "SR 1. liga zapad 2014/2015"]
[Site "?"]
[Date "2015.01.31"]
[Round "7.5"]
[White "Pacher, Milan"]
[Black "Sipos, Istvan"]
[Result "1/2-1/2"]
[WhiteElo "2431"]
[BlackElo "2491"]
[PlyCount "47"]
[EventDate "2014.??.??"]

1. e4 e6 2. d4 d5 3. Nd2 c5 4. Ngf3 cxd4 5. Nxd4 Nf6 6. Bb5+ Bd7 7. exd5 Nxd5
8. c4 Nf6 9. O-O Bxb5 10. Nxb5 Nc6 11. Nb3 a6 12. N5d4 Nxd4 13. Nxd4 Be7 14.
Be3 O-O 15. Qf3 Qc7 16. Rfc1 Rfd8 17. Rab1 Rd7 18. g3 Rad8 19. Ne2 e5 20. b4
Rd3 21. Kg2 h5 22. h3 Qd7 23. Nc3 g5 24. Ne4 {Not readable notation} 1/2-1/2

[Event "SR 1. liga zapad 2014/2015"]
[Site "?"]
[Date "2015.01.31"]
[Round "7.5"]
[White "Berczes, Csaba"]
[Black "Koval, Maros"]
[Result "1-0"]
[WhiteElo "2357"]
[BlackElo "2098"]
[PlyCount "119"]
[EventDate "2014.??.??"]

1. Nf3 d5 2. g3 c6 3. Bg2 Nf6 4. O-O Bg4 5. c4 e6 6. d3 dxc4 7. dxc4 Qxd1 8.
Rxd1 Be7 9. Nc3 Nbd7 10. b3 Bxf3 11. Bxf3 O-O-O 12. Bb2 Ne5 13. Bg2 Rxd1+ 14.
Rxd1 Rd8 15. Rxd8+ Bxd8 16. Ne4 Nxe4 17. Bxe4 Bf6 18. Bxh7 Nf3+ 19. exf3 Bxb2
20. Bg8 Kd7 21. Bxf7 e5 22. h4 Kd6 23. Kf1 Kc5 24. Be6 Kd6 25. Bc8 b6 26. Ke2
Bd4 27. Bf5 b5 28. Bd3 a6 29. cxb5 cxb5 30. g4 Ke6 31. g5 Bc5 32. h5 Kf7 33. h6
gxh6 34. gxh6 Kf6 35. h7 Kg7 36. f4 exf4 37. Kf3 b4 38. Kg2 a5 39. f3 Be3 40.
Kh3 Bb6 41. Bf5 Kh8 42. Kg2 Bc7 43. Kf1 Bb6 44. Ke2 Bc7 45. Kd2 Bb6 46. Kd3 Bc7
47. Ke4 Bd6 48. Kd5 Bc7 49. Ke6 Kg7 50. Kd7 Be5 51. Kc6 Kh8 52. Kb6 Bb2 53.
Kxa5 Ba3 54. Bb1 Kg7 55. Kb5 Kh8 56. Kc4 Kg7 57. Kd5 Kh8 58. Ke5 Bc1 59. a4
bxa3 60. b4 1-0

[Event "SR 1. liga zapad 2014/2015"]
[Site "?"]
[Date "2015.01.31"]
[Round "7.5"]
[White "Bojda, Lubomir"]
[Black "Farkas, Gabor"]
[Result "0-1"]
[WhiteElo "2167"]
[BlackElo "2346"]
[PlyCount "84"]
[EventDate "2014.??.??"]

1. e4 e5 2. Nf3 Nc6 3. Bb5 a6 4. Bxc6 dxc6 5. d4 exd4 6. Qxd4 Qxd4 7. Nxd4 Nf6
8. f3 c5 9. Ne2 Be6 10. Bg5 O-O-O 11. Nbc3 h6 12. Bxf6 gxf6 13. Nf4 Bc4 14. b3
Bd6 15. Nfd5 Bxd5 16. Nxd5 c6 17. Nb6+ Kc7 18. Nc4 Rhg8 19. g3 f5 20. O-O-O
fxe4 21. Nxd6 Rxd6 22. fxe4 c4 23. Rhf1 Rxd1+ 24. Kxd1 Rd8+ 25. Ke2 c3 26.
Rxf7+ Kb6 27. Rf2 Kc5 28. Ke3 Kb4 29. Re2 Ka3 30. e5 Kxa2 31. e6 Kb2 32. e7 Re8
33. Kd3 a5 34. g4 b5 35. Re4 c5 36. Re5 a4 37. bxa4 c4+ 38. Kd4 bxa4 39. Kxc4
a3 40. Rb5+ Kxc2 41. Ra5 Rxe7 42. Rxa3 Re4+ 0-1

[Event "SR 1. liga zapad 2014/2015"]
[Site "?"]
[Date "2015.01.31"]
[Round "7.5"]
[White "Janko, Michal"]
[Black "Polacik, Igor"]
[Result "1-0"]
[WhiteElo "2280"]
[BlackElo "2173"]
[PlyCount "97"]
[EventDate "2014.??.??"]

1. d4 d6 2. e4 c6 3. Bd3 e5 4. c3 Nf6 5. Nf3 Qc7 6. O-O Be7 7. Nbd2 O-O 8. Re1
Nbd7 9. Nf1 Re8 10. Ng3 g6 11. Bg5 Kg7 12. Qd2 Ng8 13. Be3 Nf8 14. dxe5 dxe5
15. Nxe5 c5 16. Nf3 Bg4 17. Bf4 Qb6 18. Ne5 Be6 19. Qc2 g5 20. Be3 Qc7 21. Nf3
h6 22. c4 Nd7 23. Qc3+ f6 24. h4 g4 25. Bf4 Qb6 26. Nh2 Bd6 27. Rad1 Bxf4 28.
Nh5+ Kf7 29. Nxf4 Ne5 30. Be2 Ne7 31. b3 Rg8 32. Qe3 N7c6 33. Rd6 Rae8 34. Red1
Qa5 35. Nxe6 Rxe6 36. Qxh6 Nd4 37. Qh7+ Rg7 38. Qh5+ Ke7 39. Rxe6+ Nxe6 40.
Bxg4 Nd4 41. Qh8 Rf7 42. Bh5 Qxa2 43. Bxf7 Nxf7 44. Qc8 b6 45. Ng4 Qxb3 46. Ne3
Nd6 47. Nd5+ Kf7 48. Qd7+ Kg6 49. Rxd4 1-0